[Event "Titled Tuesday intern op 12th Mar Late"]
[Site "Chess.com INT"]
[Date "2024.03.12"]
[Round "10"]
[White "Dmitriev, Sergey"]
[Black "Garcia Correa, Jose Ricardo"]
[Result "0-1"]
[WhiteElo "2312"]
[BlackElo "2103"]
[PlyCount "46"]
[EventDate "2024.03.12"]
[EventType "swiss (blitz)"]
[EventRounds "11"]
[EventCountry "USA"]
[SourceTitle "CB12_2024"]
[SourceDate "2023.10.01"]
[SourceVersion "1"]
[SourceVersionDate "2023.10.01"]
[SourceQuality "1"]

1. e4 e5 2. Nf3 Nc6 3. Bc4 Bc5 4. c3 Qf6 5. 0-0 h6 6. d3 d6 7. Be3 Nge7 8. Bxc5 dxc5 9. b3 0-0 10. Nbd2 Ng6 11. Bd5 Nce7 12. Bc4 Nf4 13. b4 cxb4 14. cxb4 Bg4 15. g3 Nh3+ 16. Kg2 Rad8 17. Qb3 c6 18. Qc3 Ng6 19. Ng1 Nhf4+ 20. gxf4 Nxf4+ 21. Kh1 Qg6 22. Qxe5 Bf3+ 23. Ndxf3 Qg2# 0-1

[Event "Titled Tuesday intern op 27th Jun Late"]
[Site "Chess.com INT"]
[Date "2023.06.27"]
[Round "2"]
[White "Ai, Evan Zihao"]
[Black "Dmitriev, Sergey"]
[Result "1-0"]
[WhiteElo "2055"]
[BlackElo "2312"]
[PlyCount "35"]
[EventDate "2023.06.27"]
[EventType "swiss (blitz)"]
[EventRounds "11"]
[EventCountry "USA"]
[SourceTitle "EXT 2024"]
[Source "ChessBase"]
[SourceDate "2023.10.10"]
[SourceVersion "1"]
[SourceVersionDate "2023.10.10"]
[SourceQuality "1"]

1. e4 d6 2. d4 g6 3. Nc3 Bg7 4. Be3 Nf6 5. f3 0-0 6. Qd2 Nc6 7. 0-0-0 b6 8. h4 h5 9. Bc4 a6 10. Nge2 b5 11. Bb3 Na5 12. Bh6 Nxb3+ 13. axb3 b4 14. Na4 a5 15. g4 hxg4 16. h5 Nxh5 17. Rxh5 gxh5 18. Qg5 1-0

[Event "Titled Tuesday intern op 27th Jun Late"]
[Site "Chess.com INT"]
[Date "2023.06.27"]
[Round "5"]
[White "Blanco Diez, David"]
[Black "Dmitriev, Sergey"]
[Result "1-0"]
[WhiteElo "2323"]
[BlackElo "2312"]
[PlyCount "115"]
[EventDate "2023.06.27"]
[EventType "swiss (blitz)"]
[EventRounds "11"]
[EventCountry "USA"]
[SourceTitle "EXT 2024"]
[Source "ChessBase"]
[SourceDate "2023.10.10"]
[SourceVersion "1"]
[SourceVersionDate "2023.10.10"]
[SourceQuality "1"]

1. d4 d6 2. Nc3 g6 3. e4 Bg7 4. f3 Nf6 5. Be3 0-0 6. Qd2 Nc6 7. 0-0-0 e5 8. Nge2 a6 9. d5 Ne7 10. Bh6 Ne8 11. h4 f5 12. Bxg7 Nxg7 13. f4 exf4 14. Nxf4 fxe4 15. Nxe4 Nef5 16. g4 Nxh4 17. g5 Nf3 18. Qe3 Nxg5 19. Nxg6 hxg6 20. Nxg5 Bg4 21. Ne6 Qf6 22. Qh6 Bh5 23. Nxf8 Rxf8 24. Bd3 Qf4+ 25. Qxf4 Rxf4 26. Rdf1 Rf7 27. Rxf7 Kxf7 28. Rf1+ Kg8 29. Re1 Kf8 30. Be2 Kf7 31. Bxh5 Nxh5 32. c4 Nf6 33. Kd2 Kg7 34. Ke3 Ng4+ 35. Kd4 Ne5 36. Rf1 b6 37. b4 a5 38. a3 axb4 39. axb4 g5 40. c5 Kg6 41. cxb6 cxb6 42. Rc1 g4 43. Rc6 Kf5 44. Rxd6 g3 45. Rd8 g2 46. Rf8+ Kg4 47. Rg8+ Kf3 48. Kxe5 Kf2 49. Rxg2+ Kxg2 50. d6 Kf3 51. d7 Ke3 52. d8Q Ke2 53. Qxb6 Ke1 54. Qe3+ Kd1 55. Qf2 Kc1 56. Kd4 Kb1 57. Kc3 Ka1 58. Qb2# 1-0

[Event "Titled Tuesday intern op 27th Jun Late"]
[Site "Chess.com INT"]
[Date "2023.06.27"]
[Round "1"]
[White "Hajiyev, Kanan"]
[Black "Dmitriev, Sergey"]
[Result "1-0"]
[WhiteElo "2164"]
[BlackElo "2312"]
[PlyCount "79"]
[EventDate "2023.06.27"]
[EventType "swiss (blitz)"]
[EventRounds "11"]
[EventCountry "USA"]
[SourceTitle "EXT 2024"]
[Source "ChessBase"]
[SourceDate "2023.10.10"]
[SourceVersion "1"]
[SourceVersionDate "2023.10.10"]
[SourceQuality "1"]

1. d4 d6 2. Nf3 g6 3. g3 Bg7 4. Bg2 Nf6 5. 0-0 b6 6. b3 Bb7 7. Bb2 Nbd7 8. c4 0-0 9. d5 e5 10. dxe6 fxe6 11. Nc3 e5 12. Ng5 Bxg2 13. Kxg2 Qe7 14. Nd5 Nxd5 15. Qxd5+ Kh8 16. h4 Rae8 17. Rad1 h6 18. Ne4 Nf6 19. Qb7 Nxe4 20. Qxe4 Qe6 21. a4 a5 22. e3 Rf7 23. Rd2 Ref8 24. Rh1 Qf5 25. Qxf5 gxf5 26. Kf3 e4+ 27. Ke2 Bxb2 28. Rxb2 Rd7 29. Rd1 Rfd8 30. Rd5 Rf7 31. Rbd2 Kg7 32. Rc2 Kf6 33. c5 bxc5 34. Rcxc5 Rfd7 35. Rxf5+ Ke6 36. Rxa5 c5 37. Rh5 Rh8 38. g4 Rb7 39. Rb5 Kd7 40. Rxb7+ 1-0

[Event "Titled Tuesday intern op 27th Jun Late"]
[Site "Chess.com INT"]
[Date "2023.06.27"]
[Round "4"]
[White "Pironti, Francisco Ferrari"]
[Black "Dmitriev, Sergey"]
[Result "0-1"]
[WhiteElo "2010"]
[BlackElo "2312"]
[PlyCount "56"]
[EventDate "2023.06.27"]
[EventType "swiss (blitz)"]
[EventRounds "11"]
[EventCountry "USA"]
[SourceTitle "EXT 2024"]
[Source "ChessBase"]
[SourceDate "2023.10.10"]
[SourceVersion "1"]
[SourceVersionDate "2023.10.10"]
[SourceQuality "1"]

1. e4 e5 2. Nf3 Nc6 3. d4 exd4 4. c3 d6 5. cxd4 Nf6 6. Nc3 Bg4 7. Be2 Be7 8. Be3 0-0 9. h3 Bh5 10. g4 Bg6 11. Nd2 d5 12. e5 Ne4 13. Ndxe4 dxe4 14. Qd2 Bh4 15. g5 Nb4 16. Rg1 f6 17. gxf6 gxf6 18. Nxe4 Nd5 19. Rg4 Nxe3 20. Qxe3 f5 21. Bc4+ Kh8 22. Rxg6 fxe4 23. Qh6 Bxf2+ 24. Ke2 Qe7 25. Rf1 e3 26. Bd3 Rf7 27. Rc1 Qb4 28. Rc2 Qe1# 0-1

[Event "Titled Tuesday intern op 20th Jun Late"]
[Site "Chess.com INT"]
[Date "2023.06.20"]
[Round "8"]
[White "Dmitriev, Sergey"]
[Black "Pein, Jonathan"]
[Result "0-1"]
[WhiteElo "2312"]
[BlackElo "2276"]
[PlyCount "48"]
[EventDate "2023.06.20"]
[EventType "swiss (blitz)"]
[EventRounds "11"]
[EventCountry "USA"]
[SourceTitle "EXT 2024"]
[Source "ChessBase"]
[SourceDate "2023.10.10"]
[SourceVersion "1"]
[SourceVersionDate "2023.10.10"]
[SourceQuality "1"]

1. d4 Nf6 2. Nf3 g6 3. Bf4 Bg7 4. e3 0-0 5. h3 d6 6. Nbd2 Nbd7 7. Be2 Qe8 8. 0-0 e5 9. dxe5 dxe5 10. Bh2 Qe7 11. e4 Rd8 12. c3 Nh5 13. Qc2 a5 14. Bc4 Nc5 15. a3 c6 16. Rfe1 b5 17. Ba2 Nd3 18. Re2 Ndf4 19. Re3 Bh6 20. g4 Nxh3+ 21. Kg2 Bxg4 22. Rd3 Rxd3 23. Qxd3 N3f4+ 24. Bxf4 Nxf4+ 0-1

[Event "Titled Tuesday intern op 20th Jun Late"]
[Site "Chess.com INT"]
[Date "2023.06.20"]
[Round "7"]
[White "Kornyukov, Alexey"]
[Black "Dmitriev, Sergey"]
[Result "1-0"]
[WhiteElo "2452"]
[BlackElo "2312"]
[PlyCount "93"]
[EventDate "2023.06.20"]
[EventType "swiss (blitz)"]
[EventRounds "11"]
[EventCountry "USA"]
[SourceTitle "EXT 2024"]
[Source "ChessBase"]
[SourceDate "2023.10.10"]
[SourceVersion "1"]
[SourceVersionDate "2023.10.10"]
[SourceQuality "1"]

1. d4 d6 2. c4 g6 3. Nc3 Bg7 4. e4 Nf6 5. f3 0-0 6. Bg5 Nc6 7. Nge2 e5 8. d5 Ne7 9. Qd2 Nd7 10. g4 f6 11. Be3 f5 12. gxf5 gxf5 13. Rg1 f4 14. Bf2 Ng6 15. 0-0-0 Nh4 16. Bg2 a6 17. Bh1 Nb6 18. b3 Bh3 19. Kb2 Kh8 20. Nc1 a5 21. Nd3 a4 22. Qe1 Ng6 23. Bg2 Bxg2 24. Rxg2 axb3 25. axb3 Qd7 26. Rg4 Ra5 27. h4 Bh6 28. h5 Ne7 29. Bh4 Raa8 30. Qf2 Rg8 31. Bf6+ Bg7 32. Rxg7 Rxg7 33. h6 Rag8 34. hxg7+ Rxg7 35. Rg1 Ng6 36. Qh2 Kg8 37. Bxg7 Kxg7 38. c5 dxc5 39. Nxc5 Qe7 40. Ne6+ Kg8 41. Qh5 Nd7 42. Qf5 Nf6 43. Qxe5 Kf7 44. Qf5 Qd7 45. e5 Ne7 46. Qxf6+ Ke8 47. Qf8# 1-0

[Event "Titled Tuesday intern op 20th Jun Late"]
[Site "Chess.com INT"]
[Date "2023.06.20"]
[Round "5"]
[White "Tarnowska, Aleksandra"]
[Black "Dmitriev, Sergey"]
[Result "1-0"]
[WhiteElo "1835"]
[BlackElo "2312"]
[PlyCount "123"]
[EventDate "2023.06.20"]
[EventType "swiss (blitz)"]
[EventRounds "11"]
[EventCountry "USA"]
[SourceTitle "EXT 2024"]
[Source "ChessBase"]
[SourceDate "2023.10.10"]
[SourceVersion "1"]
[SourceVersionDate "2023.10.10"]
[SourceQuality "1"]

1. e4 d6 2. d4 g6 3. Nc3 Bg7 4. Be3 Nf6 5. Qd2 0-0 6. 0-0-0 Nc6 7. h4 h5 8. f3 e5 9. d5 Nd4 10. Nge2 Nxe2+ 11. Bxe2 a6 12. Rdg1 b5 13. Bg5 b4 14. Na4 Bd7 15. Qxb4 Rb8 16. Qa3 Qe8 17. Nc3 Bb5 18. Nxb5 axb5 19. Bxf6 Bxf6 20. g4 hxg4 21. Rxg4 b4 22. Qb3 Kg7 23. Qe3 Rh8 24. h5 Qa4 25. h6+ Kh7 26. Bc4 Rb6 27. Bb3 Qb5 28. Kb1 Qc5 29. Qxc5 dxc5 30. f4 Re8 31. fxe5 Rxe5 32. Rf4 Re7 33. Rhf1 Bg5 34. Rxf7+ Rxf7 35. Rxf7+ Kxh6 36. Rxc7 Rf6 37. a3 bxa3 38. bxa3 Be3 39. a4 Bd4 40. Kc1 Rf1+ 41. Kd2 Rf2+ 42. Ke1 Rf4 43. Re7 Bf2+ 44. Ke2 Bd4 45. a5 Rf2+ 46. Ke1 Rf6 47. Bc4 Kg5 48. a6 Rf8 49. a7 Ra8 50. d6 Kf6 51. Rf7+ Ke5 52. Bd5 Be3 53. Bxa8 Bg5 54. Bd5 Bd8 55. a8Q Bf6 56. Qe8+ Kd4 57. Rxf6 Kc3 58. Qc6 Kd4 59. Qa4+ Ke3 60. Qb3+ Kd4 61. Qd3+ Ke5 62. Qc3# 1-0

[Event "Titled Tuesday intern op 06th Jun Late"]
[Site "Chess.com INT"]
[Date "2023.06.06"]
[Round "7"]
[White "Dmitriev, Sergey"]
[Black "Bezerra, Natacio Goncalves"]
[Result "0-1"]
[WhiteElo "2312"]
[BlackElo "1991"]
[PlyCount "62"]
[EventDate "2023.06.06"]
[EventType "swiss (blitz)"]
[EventRounds "11"]
[EventCountry "USA"]
[SourceTitle "EXT 2024"]
[Source "ChessBase"]
[SourceDate "2023.10.10"]
[SourceVersion "1"]
[SourceVersionDate "2023.10.10"]
[SourceQuality "1"]

1. d4 d5 2. Bf4 c6 3. Nf3 Qb6 4. b3 Bf5 5. e3 e6 6. Nbd2 h6 7. Be2 Nf6 8. 0-0 Nbd7 9. c4 Nh5 10. c5 Qd8 11. Bg3 Nxg3 12. fxg3 Be7 13. b4 0-0 14. Nb3 Qc7 15. Bd3 Bxd3 16. Qxd3 e5 17. dxe5 Nxe5 18. Nxe5 Qxe5 19. Rae1 Bf6 20. Rf5 Qc3 21. Rd1 Qxb4 22. Rxf6 gxf6 23. Qf5 Qe4 24. Qxf6 Qxe3+ 25. Kh1 Qg5 26. Qd6 Rac8 27. Rf1 Rfd8 28. Qf6 Qxf6 29. Rxf6 Kg7 30. Rf4 Re8 31. Nd4 Re1+ 0-1

[Event "Titled Tuesday intern op 16th May Late"]
[Site "Chess.com INT"]
[Date "2023.05.16"]
[Round "3"]
[White "Dmitriev, Sergey"]
[Black "Altman, Joshua"]
[Result "0-1"]
[WhiteElo "2312"]
[BlackElo "2120"]
[PlyCount "172"]
[EventDate "2023.05.16"]
[EventType "swiss (blitz)"]
[EventRounds "11"]
[EventCountry "USA"]
[SourceTitle "CBM 214 Extra"]
[Source "ChessBase"]
[SourceDate "2023.07.31"]
[SourceVersion "1"]
[SourceVersionDate "2023.07.31"]
[SourceQuality "1"]

1. e4 e6 2. Nf3 d5 3. exd5 exd5 4. d4 Nf6 5. Bf4 Bd6 6. Bg3 0-0 7. Be2 Bg4 8. 0-0 Re8 9. Nbd2 Bxg3 10. hxg3 Nbd7 11. c3 h6 12. Re1 c6 13. Qc2 Qc7 14. Bd3 Rxe1+ 15. Rxe1 Re8 16. Rxe8+ Nxe8 17. Bf5 Bxf5 18. Qxf5 Nf8 19. Ne5 Nd6 20. Qh5 Qe7 21. Ndf3 Ne4 22. Qg4 Ne6 23. Qf5 g6 24. Qg4 h5 25. Qh4 Qxh4 26. Nxh4 Kf8 27. Nhf3 Ke7 28. Kf1 g5 29. Ke2 f6 30. Nd3 Kd6 31. Nd2 f5 32. Ne5 c5 33. Nxe4+ dxe4 34. Ke3 cxd4+ 35. cxd4 Kd5 36. Nf7 f4+ 37. gxf4 gxf4+ 38. Ke2 Kxd4 39. Nd6 Nc5 40. Nb5+ Ke5 41. Nxa7 Nd3 42. b3 Nc1+ 43. Kd2 Nxa2 44. Nb5 h4 45. Na3 f3 46. gxf3 exf3 47. Ke3 Nc1 48. Kxf3 Nxb3 49. Kg4 Ke4 50. Kxh4 Kf3 51. Nc4 Kxf2 52. Kg4 Ke2 53. Kf4 Kd3 54. Nd6 b6 55. Ke5 Nd4 56. Kd5 Kc3 57. Nc8 b5 58. Nd6 b4 59. Ne4+ Kd3 60. Nc5+ Kc3 61. Ke4 Kc4 62. Na4 b3 63. Nb2+ Kc3 64. Na4+ Kb4 65. Nb2 Ne2 66. Nd3+ Ka3 67. Ke3 Nc1 68. Nxc1 b2 69. Nd3 b1Q 70. Ke4 Kb3 71. Kd4 Qd1 72. Ke4 Kc3 73. Ne5 Qd4+ 74. Kf5 Qd5 75. Kf6 Kd4 76. Ng6 Ke4 77. Ne7 Qe5+ 78. Kf7 Qc7 79. Kf6 Qd6+ 80. Kf7 Ke5 81. Ng6+ Kf5 82. Ne7+ Kg5 83. Kf8 Qf6+ 84. Ke8 Qe6 85. Kd8 Kf6 86. Nd5+ Qxd5+ 0-1

[Event "Titled Tuesday intern op 16th May Late"]
[Site "Chess.com INT"]
[Date "2023.05.16"]
[Round "9"]
[White "Dmitriev, Sergey"]
[Black "Osmonbekov, Talaibek D"]
[Result "0-1"]
[WhiteElo "2312"]
[BlackElo "2137"]
[PlyCount "94"]
[EventDate "2023.05.16"]
[EventType "swiss (blitz)"]
[EventRounds "11"]
[EventCountry "USA"]
[SourceTitle "CBM 214 Extra"]
[Source "ChessBase"]
[SourceDate "2023.07.31"]
[SourceVersion "1"]
[SourceVersionDate "2023.07.31"]
[SourceQuality "1"]

1. d4 e6 2. Bf4 f5 3. Nf3 Nf6 4. Ne5 g6 5. e3 Bg7 6. h3 d6 7. Nf3 0-0 8. Nbd2 Nc6 9. c3 Nh5 10. Bh2 e5 11. dxe5 dxe5 12. Qb3+ Kh8 13. 0-0-0 Qe8 14. Ng5 h6 15. Ngf3 a5 16. a4 Be6 17. Bc4 Bd7 18. Rhe1 Rb8 19. Bb5 Be6 20. Qc2 Bf7 21. Nb3 Qe7 22. Rd2 e4 23. Nfd4 Ne5 24. Bxe5 Bxe5 25. Red1 c6 26. Be2 Nf6 27. Bf1 Rfc8 28. Ne2 b5 29. axb5 cxb5 30. Nf4 b4 31. Nd4 bxc3 32. bxc3 Qa3+ 33. Qb2 Rxc3+ 34. Kb1 Rxb2+ 35. Rxb2 Bxd4 36. Rxd4 Rb3 37. Rdd2 a4 38. Ne2 Qb4 39. Rdc2 a3 40. Rxb3 Qxb3+ 41. Kc1 a2 42. Rc8+ Kg7 43. Nc3 a1Q+ 44. Kd2 Qab2+ 45. Ke1 Qc1+ 46. Ke2 Bc4+ 47. Rxc4 Qxc4# 0-1

[Event "Titled Tuesday intern op 16th May Late"]
[Site "Chess.com INT"]
[Date "2023.05.16"]
[Round "11"]
[White "Fuentes Godoy, Lilia Ivonne"]
[Black "Dmitriev, Sergey"]
[Result "1-0"]
[WhiteElo "2196"]
[BlackElo "2312"]
[PlyCount "37"]
[EventDate "2023.05.16"]
[EventType "swiss (blitz)"]
[EventRounds "11"]
[EventCountry "USA"]
[SourceTitle "CBM 214 Extra"]
[Source "ChessBase"]
[SourceDate "2023.07.31"]
[SourceVersion "1"]
[SourceVersionDate "2023.07.31"]
[SourceQuality "1"]

1. d4 d6 2. c4 g6 3. Nc3 Bg7 4. Nf3 Nf6 5. g3 0-0 6. Bg2 c6 7. 0-0 Bf5 8. Re1 Ne4 9. Nxe4 Bxe4 10. b3 Nd7 11. Bb2 e5 12. Rc1 Qe7 13. dxe5 Nxe5 14. Nxe5 Bxe5 15. Bxe5 Qxe5 16. Bxe4 Qxe4 17. Qxd6 Rad8 18. Qb4 Rd2 19. Qxd2 1-0

[Event "Titled Tuesday intern op 16th May Late"]
[Site "Chess.com INT"]
[Date "2023.05.16"]
[Round "7"]
[White "Vidal del Rio, Manuel"]
[Black "Dmitriev, Sergey"]
[Result "1-0"]
[WhiteElo "2098"]
[BlackElo "2312"]
[PlyCount "65"]
[EventDate "2023.05.16"]
[EventType "swiss (blitz)"]
[EventRounds "11"]
[EventCountry "USA"]
[SourceTitle "CBM 214 Extra"]
[Source "ChessBase"]
[SourceDate "2023.07.31"]
[SourceVersion "1"]
[SourceVersionDate "2023.07.31"]
[SourceQuality "1"]

1. e4 e5 2. Nf3 Nc6 3. Bc4 Bc5 4. b4 Bb6 5. d4 Bxd4 6. Nxd4 Nxd4 7. 0-0 d6 8. Bb2 Nc6 9. b5 Nce7 10. f4 Be6 11. Be2 f6 12. Nc3 exf4 13. Rxf4 Ng6 14. Rf1 N8e7 15. Nd5 0-0 16. Qd4 Ne5 17. Rad1 Nxd5 18. exd5 Bf7 19. c4 Qd7 20. Rc1 b6 21. Rc3 Rae8 22. Rg3 Ng6 23. Bd3 Qe7 24. h4 Qe5 25. Qf2 Qh5 26. Rf3 Qxh4 27. Qc2 Qg5 28. Rf5 Qg4 29. Qc3 Ne5 30. Bc2 Ng6 31. Rxf6 Re2 32. R6f2 Rxf2 33. Qxg7# 1-0

[Event "Titled Tuesday intern op 09th May Late"]
[Site "Chess.com INT"]
[Date "2023.05.09"]
[Round "1"]
[White "Grycel, Kamil"]
[Black "Dmitriev, Sergey"]
[Result "1-0"]
[WhiteElo "2315"]
[BlackElo "2312"]
[PlyCount "97"]
[EventDate "2023.05.09"]
[EventType "swiss (blitz)"]
[EventRounds "11"]
[EventCountry "USA"]
[SourceTitle "CBM 214 Extra"]
[Source "ChessBase"]
[SourceDate "2023.07.31"]
[SourceVersion "1"]
[SourceVersionDate "2023.07.31"]
[SourceQuality "1"]

1. d4 d6 2. Nf3 g6 3. g3 Bg7 4. Bg2 Nf6 5. 0-0 c6 6. c4 0-0 7. Nc3 Bg4 8. h3 Bxf3 9. Bxf3 Nbd7 10. e3 e5 11. b3 exd4 12. exd4 Re8 13. Bf4 Nf8 14. Qd2 Ne6 15. Be3 d5 16. cxd5 Nxd5 17. Nxd5 cxd5 18. Rac1 Qd7 19. Qa5 Red8 20. Rfd1 b6 21. Qa6 Rac8 22. Qd3 Rxc1 23. Rxc1 h5 24. h4 f5 25. Kg2 Qd6 26. Bg5 Nxg5 27. hxg5 Kh7 28. Qb5 Bxd4 29. Rd1 Qc5 30. Qe2 Rd7 31. Re1 Qd6 32. Qe8 Bg7 33. Re6 Qc7 34. Qxg6+ Kg8 35. Qxf5 Rf7 36. Qxd5 Qd7 37. Qe4 h4 38. gxh4 Qd8 39. Re8+ Rf8 40. Rxd8 Rxd8 41. Qe6+ Kh8 42. Be4 Rf8 43. Qg6 Kg8 44. Bd5+ Kh8 45. h5 a5 46. h6 Be5 47. Be4 Rf7 48. Qxf7 Bg7 49. Qxg7# 1-0

[Event "Titled Tuesday intern op 09th May Late"]
[Site "Chess.com INT"]
[Date "2023.05.09"]
[Round "4"]
[White "Pein, Jonathan"]
[Black "Dmitriev, Sergey"]
[Result "1-0"]
[WhiteElo "2265"]
[BlackElo "2312"]
[PlyCount "49"]
[EventDate "2023.05.09"]
[EventType "swiss (blitz)"]
[EventRounds "11"]
[EventCountry "USA"]
[SourceTitle "CBM 214 Extra"]
[Source "ChessBase"]
[SourceDate "2023.07.31"]
[SourceVersion "1"]
[SourceVersionDate "2023.07.31"]
[SourceQuality "1"]

1. e4 e5 2. Nf3 Nc6 3. Nc3 Nf6 4. d4 exd4 5. Nd5 d6 6. Nxd4 Nxd4 7. Qxd4 Nxd5 8. exd5 Qe7+ 9. Be3 Bd7 10. Be2 Qe5 11. 0-0-0 Qxd4 12. Bxd4 f6 13. Bh5+ g6 14. Bxf6 gxh5 15. Bxh8 Bh6+ 16. Kb1 0-0-0 17. Bd4 Bg4 18. f3 Bf5 19. Rhe1 b6 20. Re2 Kb7 21. a4 a5 22. Rde1 Bg6 23. b3 Rf8 24. Kb2 Rf4 25. Be3 1-0